Statistics for Countries Containing P (no continent prompts)

Click here to take the quiz!

General Stats

  • This quiz has been taken 3,733 times
    (3,720 since last reset)
  • The average score is 13 of 19

Answer Stats

Country% Correct
Panama
91%
Peru
90%
Poland
90%
Palau
89%
Portugal
89%
Paraguay
88%
Pakistan
85%
Philippines
84%
Papua New Guinea
82%
Japan
69%
Spain
68%
Nepal
61%
Egypt
57%
Cape Verde
53%
Singapore
51%
Cyprus
50%
Ethiopia
50%
São Tomé and Príncipe
49%
Palestine
43%

Score Distribution

Percentile by Number Answered

Percent of People with Each Score

Your Score History

You have not taken this quiz since the last reset